书目信息 |
| 题名: |
木工
|
|
| 作者: | ;陕西省建筑工程局《木工》编写组 编 | |
| 分册: | ||
| 出版信息: | 北京 中国建筑工业出版社 1973 |
|
| 页数: | 149页 | |
| 开本: | 19cm | |
| 丛书名: | ||
| 单 册: | ||
| 中图分类: | TU759.1 | |
| 科图分类: | ||
| 主题词: | 建筑工程-木工 , 木工-建筑工程 | |
| 电子资源: | ||
| ISBN: | ||
| 000 | 00731nam0 2200229 45 | |
| 001 | 0178001592 | |
| 005 | 20060224101700.17 | |
| 010 | @dCNY0.31 | |
| 091 | @a15040.3112 | |
| 100 | @a19950728d1973 em y0chiy0121 ea | |
| 101 | 0 | @achi |
| 102 | @aCN@b110000 | |
| 105 | @ay z 000yy | |
| 200 | 10 | @a木工@Amu gong@f陕西省建筑工程局《木工》编写组编@Fshan xi sheng jian zhu gong cheng ju《mu gong》bian xie zu bian |
| 210 | @a北京@c中国建筑工业出版社@d1973 | |
| 215 | @a149页@d19cm | |
| 606 | @a建筑工程-木工 | |
| 606 | @a木工-建筑工程 | |
| 690 | @aTU759.1@v3 | |
| 711 | 0 | @a陕西省建筑工程局《木工》编写组@Ashan xi sheng jian zhu gong cheng ju《mu gong》bian xie zu@4编 |
| 801 | 0 | @aCN@bTSSF@c20060224 |
| 905 | @a10447@dTU759.1@e1 | |
| 木工/陕西省建筑工程局《木工》编写组编.-北京:中国建筑工业出版社,1973 |
| 149页;19cm |
| ISBN :CNY0.31 |
| ● |
| 相关链接 |
|
|
|
|
正题名:木工
索取号:TU759.1/1
 
预约/预借
| 序号 | 登录号 | 条形码 | 馆藏地/架位号 | 状态 | 备注 |
| 1 | 0017566 | 001481612 | 密集书库/ [索取号:TU759.1/1] | 在馆 |